|
|
|
|
| LEADER |
00000nam a2200000 4500 |
| 008 |
170303b2016 cr ||||| |||| 00| | spa d |
| 999 |
|
|
|c 3400
|d 3400
|
| 090 |
|
|
|a Tesis # 61
|
| 100 |
1 |
|
|9 2504
|a Arguedas Arroyo, Marianela
|
| 245 |
1 |
0 |
|a Voces múltiples: trayectorias profesionales y personales de ingenieros e ingenieras de la Universidad de Costa Rica y la opinión de sus parejas a partir de estudios de caso /
|c Marianela Arguedas Arroyo, Landy Esther Chavarría Garita, Pamela Karina Méndez Sánchez y Greivin Ignacio Solano Vindas
|
| 260 |
|
|
|a Costa Rica :
|c 2016
|
| 300 |
|
|
|a 272 hojas;
|e 1 disco de computadora; archivo en PDF
|
| 502 |
|
|
|a Tesis (memoria de seminario de graduación para optar el grado de licenciatura en psicología)-- Universidad de Costa Rica. Facultad de Ciencias Sociales. Escuela de Psicología.
|
| 650 |
1 |
4 |
|9 69
|a GÉNERO
|
| 650 |
1 |
4 |
|9 420
|a EQUIDAD DE GÉNERO
|
| 650 |
1 |
4 |
|9 324
|a FEMINISMO
|
| 650 |
1 |
4 |
|9 37
|a CIENCIA Y TECNOLOGÍA
|
| 650 |
1 |
4 |
|9 1
|a EDUCACIÓN
|
| 650 |
1 |
4 |
|9 1299
|a INGENIERÍA
|
| 650 |
1 |
4 |
|9 339
|a ESTUDIOS DE CASOS
|
| 700 |
1 |
|
|9 2505
|a Chavarría Garita, Landy Esther
|
| 700 |
1 |
|
|9 2506
|a Méndez Sánchez, Pamela Karina
|
| 700 |
1 |
|
|9 2507
|a Solano Vindas, Greivin Ignacio
|
| 942 |
|
|
|i 004290,004291
|h Tesis # 61
|2 z
|c 02
|